| 000 | 00726cab a2200217 4500 | ||
|---|---|---|---|
| 001 | ABS38259 | ||
| 008 | 090401t1987 xxu||||| |||| 00| 0 eng d | ||
| 035 | _a(Sirsi) u9598 | ||
| 041 | _aeng | ||
| 100 | _aMeechan, B. | ||
| 245 | _aFull-time score from Watford | ||
| 260 | _c1987 | ||
| 350 | _a0 | ||
| 490 |
_aNational Builder _v68(8) October 1987, 330-331(2) |
||
| 520 | _aFeature on National Builder`s Building of the Month, The Sir Stanley Rous stand at Watford Football Club, which has been built almost entirely of precast concrete units by Dow-Mac Concrete. | ||
| 650 | _aFAST TRACK CONSTRUCTION | ||
| 650 | _aSPORTS STADIA | ||
| 690 | _aBUILDING AND CONSTRUCTION-PROJECTS | ||
| 942 | _n0 | ||
| 948 | _c04/03/1997 | ||
| 999 |
_c6017 _d6017 |
||